Identify the Detective Show by Actors' Names Quiz Stats

 Plays Quiz not verified by Sporcle

Challenge
Share
Tweet
Embed
Score 0/18 Timer 05:00
0 Plays Today
Actor TV Show % Correct
Angela LansburyMurder She Wrote
76.6%
Tony ShalhoubMonk
76.6%
Bruce Willis & Cybill Shepherd Moonlighting
73.4%
Peter FalkColumbo
72.3%
Telly SavalasKojak
71.5%
Tom SelleckMagnum PI
70.7%
Philip Michael Thomas & Don JohnsonMiami Vice
69.7%
Sharon Gless & Tyne DalyCagney & Lacey
61.2%
James GarnerThe Rockford Files
60.9%
Actor TV Show % Correct
Simon BakerThe Mentalist
59.3%
Robert Wagner & Stephanie PowersHart to Hart
58%
Stephanie Zimbalist & Pierce BrosnanRemington Steele
56.1%
Jack LordHawaii Five O
54.3%
Kristen BellVeronica Mars
51.1%
Michael Cole, Peggy Lipton & Clarence WilliamsMod Squad
48.1%
Mike ConnorsMannix
37.2%
Buddy EbsenBarnaby Jones
31.6%
Gene BarryBurke's Law
26.1%

You're not logged in!

Compare scores with friends on all Sporcle quizzes.
OR
Log In

You Might Also Like...

Show Comments

Extras

Top Quizzes Today


Score Distribution

Your Account Isn't Verified!

In order to create a playlist on Sporcle, you need to verify the email address you used during registration. Go to your Sporcle Settings to finish the process.

Report this User

Report this user for behavior that violates our Community Guidelines.

Details: